| 000 | 00814nam a22002537a 4500 | ||
|---|---|---|---|
| 005 | 20170123162350.0 | ||
| 010 | _a954564 | ||
| 020 | _c45.00 | ||
| 035 | _a954564 | ||
| 037 | _bCen Lib/Ret | ||
| 040 |
_aDPL _bUR |
||
| 082 |
_a954.081 _bع ا ش |
||
| 100 |
_aعاشق حسین بٹالوی _9107871 |
||
| 245 |
_a/ اقبال کے آخری دو سال _cعاشق حسین بٹالوی |
||
| 246 |
_aIqbal ke aakhri do sal / _bby Aashiq Haseen Batawli |
||
| 260 |
_aکشمیر _bشاہین پبلشرز _c1978 |
||
| 270 |
_aسرینگر _bکشمیر |
||
| 300 |
_a778p. _c18cm(Hb) |
||
| 650 |
_aاردو ادب _9135991 |
||
| 650 |
_aاردو اقبال _9135992 |
||
| 650 |
_aUrdu literature _9135993 |
||
| 650 |
_aUrdu Biography _9511 |
||
| 942 |
_2ddc _cUR _h954.081 _mع ا ش |
||
| 999 |
_c109189 _d109189 |
||